书目信息 |
| 题名: |
Word/Excel在文秘与行政办公中的应用
|
|
| 作者: | 王晓君 , 张小文 编著 | |
| 分册: | ||
| 出版信息: | 北京 中国青年出版社 2003.05 |
|
| 页数: | 373页 | |
| 开本: | 26cm | |
| 丛书名: | 办公软件高级应用系列 | |
| 单 册: | ||
| 中图分类: | TP391.1 | |
| 科图分类: | ||
| 主题词: | 文学处理系统, Word--基本知识 , 电子表格系统, Excel--基本知识 , 文学处理系统 , 电子表格系统 | |
| 电子资源: | ||
| ISBN: | 7-5006-5156-2 | |
| 000 | 01176nam2 2200337 45 | |
| 001 | 012004000000 | |
| 005 | 20050111145836.67 | |
| 010 | @a7-5006-5156-2@dCNY 39.80 | |
| 100 | @a20040426e2003 em y0chiy0121 ea | |
| 101 | 0 | @achi |
| 102 | @aCN@b110000 | |
| 105 | @aak z 000yy | |
| 200 | 1 | @aWord/Excel在文秘与行政办公中的应用@AWord/Excel zai wen bi yu xing zheng ban gong zhong de ying yong@f王晓君, 张小文编著 |
| 210 | @a北京@c中国青年出版社@d2003.05@h2004重印 | |
| 215 | @a373页@c图, 表格@d26cm@e附光盘1片 | |
| 225 | 2 | @a办公软件高级应用系列 |
| 307 | @a附光盘: ISBN 7-8949-220-8 | |
| 320 | @a本书含附录 | |
| 330 | @a本书内容: Word 2002新功能与基础操作; 统一会议通知风格; 员工通讯录; 制作公文与名片...... | |
| 410 | 0 | @12001 @a办公软件高级应用系列 |
| 517 | 1 | @aMicrosoft Word/Excel在文秘与行政办公中的应用 |
| 606 | 0 | @a文学处理系统, Word@x基本知识 |
| 606 | 0 | @a电子表格系统, Excel@x基本知识 |
| 606 | 0 | @a文学处理系统 |
| 606 | 0 | @a电子表格系统 |
| 610 | 1 | @aWord@aExcel |
| 690 | @aTP391.1@v4 | |
| 701 | 0 | @a王晓君@Awang xiao jun@4编著 |
| 701 | 0 | @a张小文@Azhang xiao wen@4编著 |
| 801 | 0 | @aCN@bQSSKxf@c20050111 |
| 905 | @a10447@dTP391.1@eW380 | |
| Word/Excel在文秘与行政办公中的应用/王晓君, 张小文编著.-北京:中国青年出版社,2003.05(2004重印) |
| 373页:图, 表格;26cm+附光盘1片.-(办公软件高级应用系列) |
| ISBN 7-5006-5156-2:CNY 39.80 |
| 本书内容: Word 2002新功能与基础操作; 统一会议通知风格; 员工通讯录; 制作公文与名片...... |
| ● |
| 相关链接 |
|
|
|
正题名:Word/Excel在文秘与行政办公中的应用
索取号:TP391.1/W380
 
预约/预借
| 序号 | 登录号 | 条形码 | 馆藏地/架位号 | 状态 | 备注 |
| 1 | 436225 | 204362251 | 期刊室512/301自科库 60排5列2层/ [索取号:TP391.1/W380] | 在馆 | |
| 2 | 436226 | 204362260 | 自科库301/ [索取号:TP391.1/W380] | 在馆 | |
| 3 | 436227 | 204362279 | 期刊室512/301自科库 60排5列2层/ [索取号:TP391.1/W380] | 在馆 |